000
00342pab a2200145 454500
008
180718b1988 xxu||||| |||| 00| 0 eng d
100
_a
Singh, Anup Kumar
245
_a
Culture and management revisited
260
_c
1988
300
_a
45-50
362
_a
Jul.
650
_a
Management
773
_a
MDI Management Journal
909
_a
13078
999
_c
13078
_d
13078